Detalles MARC
| 000 -CABECERA |
| fixed length control field |
01107nam a22002897a 4500 |
| 003 - CONTROL NUMBER IDENTIFIER |
| control field |
AR-BeUNQ |
| 005 - FECHA Y HORA DE LA ULTIMA TRANSACCION |
| control field |
20241018143322.0 |
| 008 - ELEMENTOS DE LONGITUD FIJA-INFORMACION GENERAL |
| fixed length control field |
220315b |||||||| |||| 00| 0 spa d |
| 020 ## - NUMERO INTERNACIONAL NORMALIZADO PARA LIBROS |
| Número Internacional Normalizado del libro |
978959231288 |
| 040 ## - FUENTE DE CATALOGACION |
| Agencia de catalogación original |
AR-BeUNQ/ Biblioteca ESET |
| Agencia que realiza la transcripción |
AR-BeUNQ |
| Convenciones de la descripción |
aacr |
| 082 ## - NUMERO DE CLASIFICACION DECIMAL DEWEYMBER |
| Número de la edición |
21 |
| Número de clasificación |
982 = 323 |
| Número del ítem |
58881 |
| 100 #3 - ASIENTO PRINCIPAL-NOMBRE PERSONAL |
| Nombre personal |
Gojman, Silvia. |
| Títulos u otras palabras asociadas al nombre |
coaut. |
| Fecha asociada al nombre |
1976 |
| 245 ## - MENCION DE TITULO |
| Título |
Haciendo memoria en el país de nunca más / |
| Mención de responsabilidad, etc |
Inés Dussel, Silvia Finocchio, Silvia Gojman. |
| 250 ## - MENCION DE EDICION |
| Mención de edición |
2ª. ed. |
| Resto de la mención de edición |
3ª reimp. |
| 260 ## - PUBLICACION, DISTRIBUCION, ETC. |
| Lugar de publicación, distribución, etc. |
Buenos Aires : |
| Nombre del editor, distribuidor, etc. |
Eudeba, |
| Fecha de publicación, distribución, etc |
2007 |
| 300 ## - DESCRIPCION FISICA |
| Extensión |
224 p. ; |
| Otros detalles físicos |
il. ; |
| Dimensiones |
23 cm |
| 490 ## - MENCION DE SERIE |
| Mención de serie |
Derechos Humanos |
| 500 ## - NOTA GENERAL |
| Nota general |
Anexos: fotografia de 1945-1976 |
| 600 ## - ASIENTO SECUNDARIO DE MATERIA - NOMBRE PERSONAL |
| Nombre personal |
Silvia Finocchio |
| Títulos y otras palabras asociadas con el nombre |
coaut. |
| Fechas asociadas con el nombre |
1960 |
| 650 #9 - ASIENTO SECUNDARIO DE MATERIA - TERMINO TEMATICO |
| Término temático o nombre geográfico como elemento de entrada |
Historia Argentina |
| Fuente del encabezamiento o términ |
tell |
| 651 ## - ASIENTO SECUNDARIO DE MATERIA - NOMBRE GEOGRAFICO |
| Nombre geográfico |
Argentina |
| Fuente del encabezamiento o término |
spines |
| 700 ## - ASIENTO SECUNDARIO - NOMBRE DE PERSONA |
| Personal name |
Dussel, Inés |
| Relator term |
coaut. |
| 929 ## - DATOS DE ADQUISICION |
| Procedencia |
DONACION |
| Proveedor |
Ministerio de Educación de la Nación |
| Precio |
1030$ |
| Fecha de recibido |
202112 |
| Número de inventario |
58881 |
| Patrimonio UNQ |
PAT0081464 |
| 929 ## - DATOS DE ADQUISICION |
| Procedencia |
DONACION |
| Proveedor |
Ministerio de Educación de la Nación |
| Fecha de recibido |
20220208 |
| Número de inventario |
58880 |
| Patrimonio UNQ |
PAT0082270 |
| 929 ## - DATOS DE ADQUISICION |
| Procedencia |
DONACION |
| Proveedor |
Ministerio de Educación de la Nación |
| Fecha de recibido |
20220208 |
| Número de inventario |
58879 |
| Patrimonio UNQ |
pat0082269 |
| 942 ## - ELEMENTOS DE PUNTO DE ACCESO ADICIONAL (KOHA) |
| Tipo de ítem Koha |
Libros |